Lexika totalitných ideológií v jazyku pravicových extrémistov

Výskum jazyka politických aktérov je neoddeliteľnou súčasťou záujmu politickej lingvistiky, hraničiacej disciplíny medzi lingvistikou a politológiou. Výskumom jazyka, v tomto prípade pravicových extrémistov, je možné identifikovať viaceré súvislosti, ktoré iné typy výskumu nemusia odhaliť. Jazyk pr...

Ausführliche Beschreibung

Gespeichert in:
Bibliographische Detailangaben
1. Verfasser: Štefančík, Radoslav, 1976-
Format: Buchkapitel
Sprache:Slowakisch
Schlagworte:
Tags: Tag hinzufügen
Keine Tags, Fügen Sie das erste Tag hinzu!

MARC

LEADER 00000naa$a2200000$$$4500
001 0258967
005 20240502074110.1
041 0 |a slo 
044 |a SK 
245 1 0 |a Lexika totalitných ideológií v jazyku pravicových extrémistov  |c Radoslav Štefančík 
520 |a Výskum jazyka politických aktérov je neoddeliteľnou súčasťou záujmu politickej lingvistiky, hraničiacej disciplíny medzi lingvistikou a politológiou. Výskumom jazyka, v tomto prípade pravicových extrémistov, je možné identifikovať viaceré súvislosti, ktoré iné typy výskumu nemusia odhaliť. Jazyk pravicových extrémistov, krajne radikálnych pravicových politických strán je špecifický, a to aj z dôvodu, že pravicoví extrémisti, či pravicovo orientovaní populistickí demagógovia sú mimoriadne kreatívni v tvorbe nových jazykových výrazov, o. i. pri označení názorových oponentov, prípadne v znovuobjavení historizmov. 
610 2 0 |a jazykoveda 
610 2 0 |a politika 
610 2 0 |a extrémizmus 
610 2 0 |a ideológia 
610 2 0 |a lexikológia 
610 2 0 |a zásoba slovná 
100 1 |a Štefančík, Radoslav, 1976-